000 00744cab a2200229 4500
001 WB3407-07
008 090401t1998 xxu||||| |||| 00| 0 eng d
035 _a(Sirsi) u84394
041 _aeng
245 _a£750,000 for asbestos exposure
260 _c1998
350 _a0
490 _aYorkshire Post
_v20 February 1998, 3(1)
520 _aA businessman has been awarded £750,000 in damages by the Court of Appeal due to his life being ruined from exposure to asbestos.
650 _aMANAGEMENT-HEALTH AND SAFETY-HAZARDOUS SUBSTANCES-ASBESTOS
650 _aDAMAGES CLAIM
650 _aHEALTH AND SAFETY
_96244
650 _aHEALTH HAZARDS
690 _aBUILT ENVIRONMENT-BUILDING STANDARDS
942 _n0
948 _c20/02/1998
999 _c53041
_d53041